书目信息 |
| 题名: |
力学问题有限元分析方法及其建模实践研究
|
|
| 作者: | 谷骁勇 著 | |
| 分册: | ||
| 出版信息: | 北京 中国原子能出版社 2018.12 |
|
| 页数: | 223页 | |
| 开本: | 24cm | |
| 丛书名: | ||
| 单 册: | ||
| 中图分类: | O302 | |
| 科图分类: | ||
| 主题词: | 力学--li xue--有限元分析--系统建模--研究 | |
| 电子资源: | ||
| ISBN: | 978-7-5022-9564-6 | |
| 000 | 01110nam0 2200253 45 | |
| 001 | 012001001529 | |
| 005 | 20131108132932.0 | |
| 010 | @a978-7-5022-9564-6@dCNY69.00 | |
| 099 | @aCAL 012019054980 | |
| 100 | @a20190311d2019 em y0chiy50 ea | |
| 101 | 0 | @achi |
| 102 | @aCN@b110000 | |
| 105 | @aak a 000yy | |
| 106 | @ar | |
| 200 | 1 | @a力学问题有限元分析方法及其建模实践研究@Ali xue wen ti you xian yuan fen xi fang fa ji qi jian mo shi jian yan jiu@f谷骁勇著 |
| 210 | @a北京@c中国原子能出版社@d2018.12 | |
| 215 | @a223页@c图@d24cm | |
| 320 | @a有书目 (第222-223页) | |
| 330 | @a本书将在简明概述有限元分析方法的基本理论的基础之上, 深入讨论有限元分析方法在杆系结构、弹性力学平面问题、空间问题、轴对称问题、薄板问题、热传导问题、动力学问题、非线性问题中的具体应用, 并以ANSYS平台为基础, 研究有限元建模的具体实践案例。本书结构合理, 条理清晰, 内容丰富新颖, 是一本值得学习研究的著作, 可供相关工程技术人员参考使用。 | |
| 606 | 0 | @a力学@Ali xue@x有限元分析@x系统建模@x研究 |
| 690 | @aO302@v5 | |
| 701 | 0 | @a谷骁勇@Agu xiao yong@4著 |
| 801 | 0 | @aCN@b北京卓展@c20191020 |
| 905 | @b1198497-500@dO302@e87@f4 | |
| 力学问题有限元分析方法及其建模实践研究/谷骁勇著.-北京:中国原子能出版社,2018.12 |
| 223页:图;24cm |
| ISBN 978-7-5022-9564-6:CNY69.00 |
| 本书将在简明概述有限元分析方法的基本理论的基础之上, 深入讨论有限元分析方法在杆系结构、弹性力学平面问题、空间问题、轴对称问题、薄板问题、热传导问题、动力学问题、非线性问题中的具体应用, 并以ANSYS平台为基础, 研究有限元建模的具体实践案例。本书结构合理, 条理清晰, 内容丰富新颖, 是一本值得学习研究的著作, 可供相关工程技术人员参考使用。 |
| ● |
| 相关链接 |
|
|
|
|
正题名:力学问题有限元分析方法及其建模实践研究
索取号:O302/87
 
预约/预借
| 序号 | 登录号 | 条形码 | 馆藏地/架位号 | 状态 | 备注 |
| 1 | 1198497 | 211984977 | 第二样本阅览室/ [索取号:O302/87] | 在馆 | |
| 2 | 1198498 | 211984986 | 第三借阅区/ [索取号:O302/87] | 在馆 | |
| 3 | 1198499 | 211984995 | 第三借阅区/ [索取号:O302/87] | 在馆 | |
| 4 | 1198500 | 211985002 | 第三借阅区/ [索取号:O302/87] | 在馆 |